| 000 | 00513nam a2200217Ia 4500 | ||
|---|---|---|---|
| 005 | 20250425162606.0 | ||
| 008 | 250425s9999 xx 000 0 und d | ||
| 020 | _a9780136053583 | ||
| 041 | _aeng | ||
| 082 | _a006.6 | ||
| 100 | _aHEARN, DONALD | ||
| 245 | 0 | _aCOMPUTER GRAPHICS WITH OPEN GL | |
| 250 | _a4TH ED. | ||
| 260 | _aBOSTON | ||
| 260 |
_aEstados Unidos _bPRENTICE HALL _c2011 |
||
| 300 | _a862 | ||
| 650 | _aGRAFICOS POR COMPUTADORA | ||
| 650 | _aOPEN GL | ||
| 942 | _c01 | ||
| 010 | _a87979 | ||
| 999 |
_c232403 _d232403 |
||